| 000 | 01317cam a2200337 a 4500 | ||
|---|---|---|---|
| 999 |
_c572 _d572 |
||
| 001 | 16069653 | ||
| 003 | OSt | ||
| 005 | 20190828151355.0 | ||
| 008 | 100126s2009 nyu c 000 1 eng | ||
| 010 | _a 2010285189 | ||
| 020 | _a9781484789759 | ||
| 020 |
_a9781484756881 _qBox set |
||
| 040 |
_aDLC _cDLC |
||
| 042 | _alcac | ||
| 082 | 0 | 0 |
_aFIC RIO _222 |
| 100 | 1 |
_aRiordan, Rick. _eauthor |
|
| 245 | 1 | 4 |
_aThe last Olympian / _cRick Riordan. |
| 250 | _a1st ed. | ||
| 260 |
_aNew York : _bDisney Hyperion Books, _cc2009. |
||
| 300 |
_a381 p. ; _c22 cm. |
||
| 490 | 0 |
_aPercy Jackson and the Olympians ; _vbk. 5 |
|
| 520 | _aThe long-awaited prophecy surrounding Percy Jackson's sixteenth birthday unfolds as he leads an army of young demigods to stop Kronos in his advance on New York City, while the Olympians struggle to contain the rampaging monster, Typhon. | ||
| 650 | 1 |
_aMythology, Greek _vFiction. |
|
| 650 | 1 |
_aFate and fatalism _vFiction. |
|
| 650 | 1 |
_aMonsters _vFiction. |
|
| 650 | 1 |
_aAnimals, Mythical _vFiction. |
|
| 650 | 1 |
_aTitans (Mythology) _vFiction. |
|
| 906 |
_a7 _bcbc _corignew _d2 _encip _f20 _gy-gencatlg |
||
| 942 |
_2ddc _cFIC |
||